Small and micro combined heat and power (CHP) systems : (Record no. 598706)

000 -LEADER
fixed length control field 00322nam a2200109Ia 4500
008 - FIXED-LENGTH DATA ELEMENTS--GENERAL INFORMATION
fixed length control field 230907s9999||||xx |||||||||||||| ||und||
082 ## - DEWEY DECIMAL CLASSIFICATION NUMBER
Classification number 621.199
Author Mark SMA
245 #0 - TITLE STATEMENT
Title Small and micro combined heat and power (CHP) systems :
260 ## - PUBLICATION, DISTRIBUTION, ETC.
Place of publication, distribution, etc. Woodhead Publishing,
Name of publisher, distributor, etc. Oxford : , New Delhi :
Date of publication, distribution, etc. 2011
300 ## - PHYSICAL DESCRIPTION
Extent 560 p. ;
942 ## - ADDED ENTRY ELEMENTS (KOHA)
Koha item type Book
Holdings
Withdrawn status Lost status Damaged status Not for loan Permanent Location Current Location Date acquired Total Checkouts Full call number Barcode Date last seen Price effective from Koha item type
        US-Pakistan Center for Advanced Studies in Energy (USPCAS-E) US-Pakistan Center for Advanced Studies in Energy (USPCAS-E) 04/15/2013   621.199 SMA CAS-E0002805 09/12/2023 09/12/2023 Book
© 2023 Central Library, National University of Sciences and Technology. All Rights Reserved.